Works of Martin Luther / (Record no. 39714)
[ view plain ]
| 000 -LEADER | |
|---|---|
| fixed length control field | 00833cam a2200229 a 4500 |
| 001 - CONTROL NUMBER | |
| control field | 00018382 |
| 003 - CONTROL NUMBER IDENTIFIER | |
| control field | OSt |
| 005 - DATE AND TIME OF LATEST TRANSACTION | |
| control field | 20160209130306.0 |
| 008 - FIXED-LENGTH DATA ELEMENTS--GENERAL INFORMATION | |
| fixed length control field | 740611s1943 pau b 001 0 eng d |
| 020 ## - INTERNATIONAL STANDARD BOOK NUMBER | |
| International Standard Book Number | 0801056160 (six volume set) |
| 100 1# - MAIN ENTRY--PERSONAL NAME | |
| Personal name | Luther, Martin, |
| Dates associated with a name | 1483-1546. |
| 245 00 - TITLE STATEMENT | |
| Title | Works of Martin Luther / |
| 250 ## - EDITION STATEMENT | |
| Edition statement | Philadelphia edition |
| 260 ## - PUBLICATION, DISTRIBUTION, ETC. (IMPRINT) | |
| Place of publication, distribution, etc | Grand Rapids, MI. : |
| Name of publisher, distributor, etc | Baker Book House, |
| Date of publication, distribution, etc | c1982. |
| 300 ## - PHYSICAL DESCRIPTION | |
| Extent | 6 v. ; |
| Dimensions | 22 cm. |
| 500 ## - GENERAL NOTE | |
| General note | "Adolph Spaeth...was...chairman of the committee that organized the work..."--Introd. signed Henry Eyster Jacobs. |
| 500 ## - GENERAL NOTE | |
| General note | Vols. 3-5 have imprint: Philadelphia, A.J. Holman and The Castle Press. |
| 504 ## - BIBLIOGRAPHY, ETC. NOTE | |
| Bibliography, etc | Includes bibliographical references and index. |
| 700 10 - ADDED ENTRY--PERSONAL NAME | |
| Personal name | Jacobs, Henry Eyster, |
| Dates associated with a name | 1844-1932. |
| 700 10 - ADDED ENTRY--PERSONAL NAME | |
| Personal name | Spaeth, Adolph, |
| Dates associated with a name | 1839-1910. |
| 942 ## - ADDED ENTRY ELEMENTS (KOHA) | |
| Source of classification or shelving scheme | Library of Congress Classification |
| Item type | Books |
| Withdrawn status | Lost status | Source of classification or shelving scheme | Damaged status | Not for loan | Home library | Current library | Shelving location | Date acquired | Source of acquisition | Serial Enumeration / chronology | Inventory number | Total Checkouts | Full call number | Barcode | Date last seen | Price effective from | Koha item type |
|---|---|---|---|---|---|---|---|---|---|---|---|---|---|---|---|---|---|
| Library of Congress Classification | BSOP Library | BSOP Library | GC | 02/09/2016 | v. II | 37591 | BR331.E5 L97 1982 v. II | 00047591 | 02/09/2016 | 02/09/2016 | Books |
